Education for surveyors (Record no. 115503)

MARC details
000 -LEADER
fixed length control field 01388cad a2200205 4500
001 - CONTROL NUMBER
control field L158783
008 - FIXED-LENGTH DATA ELEMENTS--GENERAL INFORMATION
fixed length control field 051213n2003 000 0 eng u
035 ## - SYSTEM CONTROL NUMBER
System control number (Sirsi) u158783
041 0# - LANGUAGE CODE
Language code of text/sound track or separate title eng
100 1# - MAIN ENTRY--PERSONAL NAME
Personal name Plimmer, Frances
111 2# - MAIN ENTRY--MEETING NAME
Meeting name or jurisdiction name as entry element FIG Regional Conference
Location of meeting Marrakech
Date of meeting or treaty signing 2-5 December 2003
245 ## - TITLE STATEMENT
Title Education for surveyors
Remainder of title An RICS perspective
Medium [electronic resource]
260 ## - PUBLICATION, DISTRIBUTION, ETC.
Place of publication, distribution, etc. London
Name of publisher, distributor, etc. RICS
Date of publication, distribution, etc. 2003
520 ## - SUMMARY, ETC.
Summary, etc. A paper presented at the FIG Regional Conference in Marrakech on 2-5 December 2003. Outlines the history of the RICS?s professional education for Chartered Surveyors and considers some of the issues currently facing the professional education and training of valuers. It also discusses the "objectives and principles" of the approach which The Royal Institution of Chartered Surveyors (RICS) is adopting in its role as an accrediting body of surveying courses around the world. Specifically, the paper covers the roles of professional Accreditation, Partnership and Threshold Standards, External Examiners, the assessment of pre-qualificational training (APC) and Continuing Professional Development.
650 24 - SUBJECT ADDED ENTRY--TOPICAL TERM
Topical term or geographic name entry element ABOUT RICS
651 #4 - SUBJECT ADDED ENTRY--GEOGRAPHIC NAME
Geographic name United Kingdom
Chronological subdivision
690 ## - LOCAL SUBJECT ADDED ENTRY--TOPICAL TERM (OCLC, RLIN)
Topical term or geographic name as entry element CAREERS, EDUCATION AND TRAINING
856 40 - ELECTRONIC LOCATION AND ACCESS
Uniform Resource Identifier <a href="https://fig.net/resources/proceedings/fig_proceedings/morocco/proceedings/TS21/TS21_3_plimmer.pdf">https://fig.net/resources/proceedings/fig_proceedings/morocco/proceedings/TS21/TS21_3_plimmer.pdf</a>
Public note View this item at fig.net
942 ## - ADDED ENTRY ELEMENTS (KOHA)
Suppress in OPAC 0
Holdings
Withdrawn status Lost status Source of classification or shelving scheme Damaged status Not for loan Home library Current library Shelving location Date acquired Total Checkouts Full call number Barcode Date last seen Copy number Price effective from Koha item type
    Dewey Decimal Classification     Virtual Virtual Online 22/07/2015   ONLINE PUBLICATION 158783-2001 06/08/2019 1 06/08/2019 Book